000 03529cam a2200457 i 4500
999 _c535580
_d535580
001 21548035
003 NUST
005 20200917130714.0
006 m |o d |
007 cr||||||||||||
008 180716s2019 flu ob 001 0 eng
010 _a 2019719602
020 _a9781498784061
_q(pdf)
020 _a9781351651592
_q(epub)
020 _a9781315155548
_q(ebook)
020 _z9781498784054
_q(hardback :
_qalk. paper)
038 _aMSOHAIL
040 _aDLC
_beng
_erda
_cDLC
_dDLC
050 0 0 _aTA418.9.F85
082 0 0 _a620.11
_223
_bDEY
245 0 0 _aNanoindentation of natural materials :
_bhierarchical and functionally graded microstructures /
_ceditors, Arjun Dey, Anoop Kumar Mukhopadhyay.
264 1 _aBoca Raton, FL :
_bCRC Press,
_c2019.
300 _a1 online resource
336 _atext
_btxt
_2rdacontent
337 _acomputer
_bc
_2rdamedia
338 _aonline resource
_bcr
_2rdacarrier
504 _aIncludes bibliographical references and index.
505 0 _aBasics of hierarchical and functionally graded structures and mechanical characterization by nanoindentation : a paradigm shift for nano/micro-structural length scale / Arjun Dey, Deeksha Porwal, Nilormi Biswas, Aniruddha Samanta, Manjima Bhattacharya, Mohammed Adnan Hasan, A.K. Gupta and Anoop Kumar Mukhopadhyay -- Nanoindentation of bone : a tough hybrid composite / Manjima Bhattacharya, Anoop Kumar Mukhopadhyay and Arjun Dey -- Nanoindentation of teeth : a hard but tough hybrid functionally graded composite / Nilormi Biswas, Anoop Kumar Mukhopadhyay and Arjun Dey -- Fracture toughness of enamel region : role of DEJ and modeling of fracture toughness / Nilormi Biswas, Arjun Dey and Anoop Kumar Mukhopadhyay -- Nanoindentation creep of enamel and dentin tissues / Nilormi Biswas, Arjun Dey and Anoop Kumar Mukhopadhyay -- Nanoindentation of hair fiber : a tough hierarchical layered architecture / Aniruddha Samanta, Manjima Bhattacharya, Anoop Kumar Mukhopadhyay, Shekhar Nath and Arjun Dey -- Nanoindentation of shell and scale : a hard-tough layered functionally graded hybrid composite / Manjima Bhattacharya, Anoop Kumar Mukhopadhyay and Arjun Dey -- Combined nanoindentation and finite element approach in hierarchical and functionally graded structures / Deeksha Porwal, Arjun Dey, A.K. Gupta, Kallol Khan, Anand Kumar Sharma and Anoop Kumar Mukhopadhyay -- Conclusions / Arjun Dey, Nilormi Biswas, Aniruddha Samanta, Manjima Bhattacharya, and Anoop Kumar Mukhopadhyay.
520 _a"The book will provide critical information regarding the basics of hierarchical and functionally graded structures and nanoindentation techniques along with detailed discussion with correlation micro/nano mechanical-structures. The readers will be able to identify the advantages of this method in purview of characterizing natural bio composites"--
_cProvided by publisher.
588 _aDescription based on print version record.
650 0 _aFunctionally gradient materials
_xImpact testing.
_930239
650 0 _aTissues
_xAnalysis.
_930240
650 0 _aSurfaces (Technology)
_xTesting.
_910456
650 0 _aNanostructured materials
_xTesting.
_930241
700 1 _aDey, Arjun,
_eeditor.
_930242
700 1 _aMukhopadhyay, Anoop Kumar,
_eeditor.
_930243
776 0 8 _iPrint version:
_tNanoindentation of natural materials
_dBoca Raton, FL : CRC Press, 2019.
_z9781498784054
_w(DLC) 2018018741
906 _a7
_bcbc
_corigcop
_d1
_eecip
_f20
_gy-gencatlg
942 _2ddc
_cBK